Culture Générale - Série 993 - Statistiques

Statistiques générales
  • Ce quiz a été pris 160 fois
  • Le résultat moyen est 5 sur 10
Statistiques - réponses
Question Réponse % Correct
Dans quel sport peut-on utiliser : un "driver" ou un "putter" ? golf
88%
Complétez la phrase attribuée au chimiste Lavoisier : "Rien ne se perd, rien ne se crée, tout se... transforme
82%
A quel chimiste doit-on l'invention de la dynamite en 1867 ? Alfred Nobel
71%
Quelle matière imitant le diamant est parfois associée aux paillettes pour évoquer une chose clinquante ? strass
65%
Sous quel nom connaît-on mieux l'acide acétylsalicylique ? aspirine
58%
Quel fruit sec entre traditionnellement dans la composition du gâteau appelé "creusois" ? noisette
54%
Quelle actrice incarne Clarice Starling, dans "Le Silence des agneaux", en 1991 ? Jodie Foster
50%
Dans quelle ville américaine fut fondé le groupe de rock The Doors ? Los Angeles
44%
Dans quelle ville de l'État de New York, les Jeux olympiques d'hiver ont-ils été organisés en 1932 et en 1980 ? Lake Placid
10%
De quelle prison de Venise, nommée d'après le métal qui recouvrait ses toits, s'est échappé Casanova ? Les plombs
7%
Aucun quiz correspondant
Distribution des résultats
% des personnes avec chaque résultat
Percentile par nombre de réponses
Votre historique - résultats
Vous n’avez pas pris ce quiz